Statistics for Cities With One Million People by Letter - Y

Click here to take the quiz!

General Stats

  • This quiz has been taken 164 times
  • The average score is 5 of 11

Answer Stats

City % Correct
Yerevan
92%
Yaoundé
92%
Yangon
91%
Yekaterinburg
85%
Yogyakarta
34%
Yangzhou
29%
Yantai
18%
Yinchuan
17%
Yichang
11%
Yiwu
11%
Yancheng
8%

Score Distribution

Percentile by Number Answered

Percent of People with Each Score

Your Score History

You have not taken this quiz